000 00442pab a2200157 454500
008 180718b1998 xxu||||| |||| 00| 0 eng d
100 _aGopalakrishnan, R.
245 _aEducation guarantee scheme in Madhya Pradesh: innovative steps to universalise education
260 _c1998
300 _ap.2546-551
362 _a26 Sep
650 _aEducation
700 _aSharma, Amita
773 _aEconomic and Political Weekly
909 _a38866
999 _c38866
_d38866